Attractive Attractions Quiz Stats

 Plays Quiz Updated Apr 14, 2018

Score 0/30 Timer 08:00
0 Plays Today
% Correct
Italy - The Colosseum
98.7%
China - Mutianyu Great Wall
98.4%
India - Taj Mahal
97.1%
Russia - Church of the Savior on Spilled Blood
92.2%
Japan - Fushimi Inari-taisha Shrine
90.3%
United States of America - Central Park
89.5%
Peru - Santuario Histórico de Machu Picchu
89.3%
Egypt - Temple of Karnak
88.2%
Australia - Sydney Harbour
88.1%
Canada - Niagara Falls
86.1%
United Kingdom - Warner Bros. Studio Tour London - The Making of Harry Potter
76.6%
Panama - Panama Canal
75.6%
Ireland - Killarney National Park
74.8%
Denmark - Nyhavn
70.9%
Jordan - Petra World Heritage Site
69.3%
% Correct
Switzerland - The Matterhorn
66.2%
Turkey - Hagia Sophia
66.2%
Spain - Basilica of the Sagrada Família
66%
Cambodia - Angkor Wat
65.6%
Malaysia - Petronas Twin Towers
65.4%
Thailand - Temple of the Reclining Buddha
61%
South Africa - Table Mountain
56.9%
France - Musée d'Orsay
55.6%
Netherlands - Anne Frank House
50.6%
Croatia - Dubrovnik City Walls
45.6%
Greece - The Acropolis Museum
45.2%
Belgium - Brussels Grand Place
44.4%
Iran - Persepolis
34.1%
Germany - Miniatur Wunderland
31.6%
Bolivia - Salar de Uyuni
26.2%

You're not logged in!

Compare scores with friends on all Sporcle quizzes.
OR
Log In

Sporcle TV

Today on Sporcle TV


Watch our educational content, quiz creation guides, and fun videos on Sporcle TV.

Show Comments

Extras

Top Quizzes Today


Score Distribution

Your Account Isn't Verified!

In order to create a playlist on Sporcle, you need to verify the email address you used during registration. Go to your Sporcle Settings to finish the process.

Report this User

Report this user for behavior that violates our Community Guidelines.

Details: